| 000 | 00498nam a2200181Ia 4500 | ||
|---|---|---|---|
| 003 | GCL | ||
| 008 | 140319s9999 xx 000 0 eng d | ||
| 040 |
_aGCL / _cGCL |
||
| 082 | 0 | 4 |
_aCH _b372.216 _bL T |
| 100 | 1 | _aLONGFOOT, STEPHANIE [ILLUSTRATOR] | |
| 245 | 1 | 0 |
_aTELLING THE TIME / _cLONGFOOT, STEPHANIE [ILLUSTRATOR] |
| 260 |
_a[S.N] : _bPETER HODDOCK PUBLISHING |
||
| 650 | 0 | 4 | _aSTUDY AND TEACHING |
| 650 | 0 | 4 | _aREADING |
| 650 | 0 | 4 | _aCHILDREN |
| 650 | 0 | 4 | _aENGLISH LANGUAGE |
| 942 |
_2ddc _cBK |
||
| 999 |
_c17758 _d17758 |
||